000 00941cam a22002895a 4500
001 3032649
005 20150527132408.0
008 950425r20041995enkad frb f001 0 eng d
020 _a019877432X (acidfree paper)
020 _a0198774311 (pbk.)
020 _a9780198774327
040 _aDLC
_cDLC
_dDLC
_dEG-ScBUE
082 0 0 _a330.015195
_222
_bARC
245 0 0 _aARCH :
_bselected readings /
_cedited by Robert F. Engle.
260 _aOxford ;
_aNew York :
_bOxford University Press,
_c2004.
300 _axviii, 403 p. :
_bcharts, tables ;
_c24 cm.
490 0 _aAdvanced texts in econometrics
500 _aReprint of the 1995 ed.
504 _aIncludes bibliographical references and indexes.
650 0 _aEconometric models.
_2BUEsh
650 0 _aHeteroscedasticity.
_2BUEsh
651 _2BUEsh
653 _bBUSECO
_cMay2015
655 _vreading book
_934232
700 1 _aEngle, R. F.
_q(Robert F.),
_eeditor.
942 _2ddc
999 _c19467
_d19439